00482nam a2200181 a 4500001001300000003000900013005001700022008004100039020002300080082001500103100001800118245005000136260003100186300000900217500003500226650002100261700001800282nice12345678IN_TiNIC20260116014525.0050524s2009 dela grp 000 0 eng  a9788174952004c30000a305.3bPOD aPodimattam, M aIn Praise of WomenbTheological Consideration aDelhi bMedia House c2009 a325p aincludes index and biblioraphy aGender Relations1 aPodimattam, M